Východiská k prognózovaniu stratégie rozvoja podniku v období prechodu na trhovú ekonomiku záverečná práca postgraduálneho štúdia
Gespeichert in:
| 1. Verfasser: | |
|---|---|
| Körperschaft: | |
| Weitere Verfasser: | |
| Format: | Buch |
| Sprache: | Slowakisch |
| Veröffentlicht: |
Bratislava
1990
|
| Tags: |
Keine Tags, Fügen Sie das erste Tag hinzu!
|
MARC
| LEADER | 00000nam a2200000 4500 | ||
|---|---|---|---|
| 001 | c028383 | ||
| 005 | 20221215071901.9 | ||
| 041 | 0 | |a slo | |
| 044 | |a SK | ||
| 245 | 1 | 0 | |a Východiská k prognózovaniu stratégie rozvoja podniku v období prechodu na trhovú ekonomiku |b záverečná práca postgraduálneho štúdia |c Dušan Tunega ; Ved. práce Emil Filípek |
| 264 | 1 | |a Bratislava |c 1990 | |
| 300 | |a 44 s. | ||
| 100 | 1 | |a Tunega, Dušan | |
| 700 | 1 | |a Filípek, Emil | |
| 710 | 2 | |a Vysoká škola ekonomická v Bratislave | |